000
00249nam a22001097a 4500
008
170126b xxu||||| |||| 00| 0 eng d
020
_a
02785919
041
_a
eng
080
_a
61
245
_a
CLINICS IN SPORTS MEDICINE
_c
GUTEN, G.B
942
_2
udc
_c
BK
999
_c
3703
_d
3703